[Event "NED-ch U18 op"]
[Site "Hoogkerk"]
[Date "2024.04.27"]
[Round "1"]
[White "Snijders, Take"]
[Black "Klugstedt, Vincent C"]
[Result "1/2-1/2"]
[WhiteElo "2090"]
[BlackElo "1913"]
[PlyCount "136"]
[EventDate "2024.04.27"]
[EventType "swiss"]
[EventRounds "7"]
[EventCountry "NED"]
[SourceTitle "CB19_2024"]
[SourceDate "2024.05.08"]
[SourceVersion "1"]
[SourceVersionDate "2024.05.08"]
[SourceQuality "1"]

1. e4 c5 2. Nf3 g6 3. d4 cxd4 4. Nxd4 Bg7 5. c4 Nc6 6. Be3 Nf6 7. Nc3 0-0 8. Be2 d6 9. 0-0 Nxd4 10. Bxd4 a5 11. b3 Bd7 12. Qc2 Bc6 13. Rfd1 Qc7 14. a3 Rfc8 15. b4 b5 16. cxb5 axb4 17. bxc6 bxc3 18. Bb5 Qa5 19. a4 Ne8 20. Bxg7 Kxg7 21. Rac1 Nc7 22. Qxc3+ Qxc3 23. Rxc3 Ra5 24. Rb1 f5 25. f3 Kf6 26. Kf2 fxe4 27. fxe4 Ke5 28. Rf3 Ne6 29. Rf7 Rc7 30. Rxh7 Nc5 31. Ra1 Nxe4+ 32. Ke3 Nc3 33. Re1 Nxb5 34. Kd3+ Kd5 35. axb5 Rxb5 36. Rhxe7 Rxc6 37. Rg7 Rb2 38. Re2 Rb3+ 39. Kd2 Rcc3 40. Rxg6 Kc5 41. h4 Rg3 42. Rxg3 Rxg3 43. h5 d5 44. h6 Rg6 45. h7 Rh6 46. Re7 Kd6 47. Rg7 Ke5 48. Ke3 Rh1 49. Re7+ Kf6 50. Rd7 Rh4 51. g3 Rh5 52. Kd4 Kg6 53. Ke3 Rxh7 54. Rxd5 Rf7 55. Ke4 Rf1 56. Ra5 Rf2 57. Ke3 Rf1 58. g4 Rf8 59. Ke4 Rf1 60. Ra8 Kg7 61. Ke5 Rf2 62. Ra6 Rf1 63. Ra7+ Kg6 64. Ra8 Kg7 65. Ke6 Rf2 66. Ra5 Kg6 67. Rd5 Re2+ 68. Kd6 Re1 1/2-1/2

[Event "GER-chT U20"]
[Site "Magdeburg"]
[Date "2023.12.30"]
[Round "7.5"]
[White "Klugstedt, Vincent C"]
[Black "Jagodzinsky, Lukas"]
[Result "1-0"]
[WhiteElo "1984"]
[BlackElo "1449"]
[PlyCount "57"]
[EventDate "2023.12.26"]
[EventType "team-swiss"]
[EventRounds "7"]
[EventCountry "GER"]
[SourceTitle "CB03_2024"]
[SourceDate "2024.01.17"]
[SourceVersion "1"]
[SourceVersionDate "2024.01.17"]
[SourceQuality "1"]
[WhiteTeam "Muenster 32"]
[BlackTeam "Hemer"]
[WhiteTeamCountry "GER"]
[BlackTeamCountry "GER"]

1. d4 d5 2. c4 e6 3. Nc3 Nf6 4. cxd5 exd5 5. Bg5 Be7 6. e3 c6 7. Bd3 0-0 8. Qc2 h6 9. Bh4 Re8 10. Nge2 Be6 11. 0-0 Nh5 12. Bxe7 Qxe7 13. Rae1 Nd7 14. Nf4 Qg5 15. Nxh5 Qxh5 16. f3 Nf6 17. Ne2 Bd7 18. Nf4 Qg5 19. Qf2 Nh5 20. h4 Nxf4 21. Bh7+ Kxh7 22. hxg5 Ng6 23. gxh6 gxh6 24. Qg3 Rac8 25. Kf2 Kg7 26. Rc1 Re6 27. Rh1 Ree8 28. Rh5 Rh8 29. Rch1 1-0

[Event "GER-chT U20"]
[Site "Kiel"]
[Date "2022.07.23"]
[Round "2.3"]
[White "Peschel, Jan"]
[Black "Klugstedt, Vincent C"]
[Result "0-1"]
[WhiteElo "1559"]
[BlackElo "1877"]
[PlyCount "70"]
[EventDate "2022.07.22"]
[EventType "team-swiss"]
[EventRounds "7"]
[EventCountry "GER"]
[SourceTitle "CBM 209 Extra"]
[Source "ChessBase"]
[SourceDate "2022.09.30"]
[SourceVersion "1"]
[SourceVersionDate "2022.09.30"]
[SourceQuality "1"]
[WhiteTeam "Biebertal"]
[BlackTeam "Bochum"]
[WhiteTeamCountry "GER"]
[BlackTeamCountry "GER"]

1. e4 c5 2. c3 d5 3. exd5 Qxd5 4. Nf3 Bg4 5. Qa4+ Bd7 6. Qf4 Qe6+ 7. Be2 Nc6 8. Ng5 Qf5 9. d3 Nf6 10. Na3 Rc8 11. 0-0 h6 12. Ne4 Nxe4 13. dxe4 Qg6 14. Rd1 e5 15. Qf3 Be7 16. Be3 Be6 17. Rd2 0-0 18. b3 b6 19. Rb1 Na5 20. Ba6 Rcd8 21. Rxd8 Rxd8 22. h3 Nc6 23. Rb2 Bg5 24. Bxg5 Qxg5 25. Nc4 Nb8 26. Ne3 Nxa6 27. Kh2 Qf4+ 28. Qxf4 exf4 29. Nf1 Rd3 30. c4 Nb4 31. g3 fxg3+ 32. Nxg3 a6 33. a3 Nc6 34. f4 Na5 35. f5 Bd7 0-1

[Event "Reinstorf op"]
[Site "Reinstorf"]
[Date "2022.02.01"]
[Round "4"]
[White "Gohla, Ulf"]
[Black "Klugstedt, Vincent C"]
[Result "1-0"]
[WhiteElo "2139"]
[BlackElo "1874"]
[PlyCount "47"]
[EventDate "2022.01.29"]
[EventType "swiss"]
[EventRounds "9"]
[EventCountry "GER"]
[SourceTitle "CBM 206 Extra"]
[Source "ChessBase"]
[SourceDate "2022.03.31"]
[SourceVersion "1"]
[SourceVersionDate "2022.03.31"]
[SourceQuality "1"]

1. d4 Nf6 2. c4 e6 3. Nc3 Bb4 4. Qc2 c5 5. dxc5 Bxc5 6. Nf3 Nc6 7. a3 a5 8. e3 b6 9. b3 0-0 10. Bb2 Qe7 11. Bd3 h6 12. 0-0 d5 13. cxd5 exd5 14. Na4 Bg4 15. Nxb6 Bxf3 16. gxf3 Ne5 17. Bxe5 Bxb6 18. Qb2 Ne8 19. Kh1 Bc7 20. Bxc7 Qxc7 21. Qd4 Nf6 22. Rg1 Qe7 23. Qh4 Kh8 24. Rxg7 1-0

[Event "GER-ch U16"]
[Site "Willingen"]
[Date "2021.08.23"]
[Round "2"]
[White "Kulm, Justin"]
[Black "Klugstedt, Vincent C"]
[Result "1/2-1/2"]
[WhiteElo "1628"]
[BlackElo "1932"]
[PlyCount "79"]
[EventDate "2021.08.22"]
[EventType "swiss"]
[EventRounds "9"]
[EventCountry "GER"]
[SourceTitle "EXT 2022"]
[Source "ChessBase"]
[SourceDate "2021.10.06"]
[SourceVersion "1"]
[SourceVersionDate "2021.10.06"]
[SourceQuality "1"]

1. Nf3 d5 2. g3 c5 3. Bg2 Nf6 4. d4 cxd4 5. 0-0 Nc6 6. Nxd4 Bd7 7. c4 e5 8. Nxc6 Bxc6 9. Bg5 d4 10. Bxc6+ bxc6 11. Qa4 Qd6 12. Nd2 Be7 13. f4 0-0 14. fxe5 Qxe5 15. Nf3 Qc5 16. b4 Qxc4 17. Rac1 Qxb4 18. Qxb4 Bxb4 19. Bxf6 gxf6 20. Nxd4 Bd2 21. Rc4 c5 22. Nb3 Be3+ 23. Kg2 Rfe8 24. Rxf6 Bd4 25. Nxd4 cxd4 26. Kf3 Re3+ 27. Kf2 Rae8 28. Rc2 R8e7 29. Rd6 R7e4 30. Ra6 Re6 31. Rxe6 Rxe6 32. Rd2 Ra6 33. Kf3 Kg7 34. Ke4 Ra4 35. Rc2 Kf6 36. h3 Ke6 37. Rc6+ Ke7 38. Rc2 Ke6 39. Rc6+ Ke7 40. Rc2 1/2-1/2

[Event "Basel Special op"]
[Site "Basel"]
[Date "2021.07.18"]
[Round "2"]
[White "Haag, Gregor"]
[Black "Klugstedt, Vincent C"]
[Result "1-0"]
[WhiteElo "2378"]
[BlackElo "1898"]
[PlyCount "63"]
[EventDate "2021.07.17"]
[EventType "swiss"]
[EventRounds "6"]
[EventCountry "SUI"]
[SourceTitle "CBM 203 Extra"]
[Source "ChessBase"]
[SourceDate "2021.09.30"]
[SourceVersion "1"]
[SourceVersionDate "2021.09.30"]
[SourceQuality "1"]

1. d4 Nf6 2. c4 e6 3. Nf3 b6 4. g3 Bb7 5. Bg2 Bb4+ 6. Bd2 a5 7. 0-0 0-0 8. Bf4 d5 9. c5 a4 10. a3 Ba5 11. Qxa4 Bd2 12. Qc2 Bxf4 13. gxf4 Ne4 14. Nbd2 f5 15. b4 bxc5 16. dxc5 Ba6 17. Nd4 Qf6 18. N2f3 Bc4 19. Ne5 g5 20. Rfd1 Ba6 21. Qc1 c6 22. a4 g4 23. Qe3 Bc8 24. f3 g3 25. fxe4 gxh2+ 26. Kxh2 fxe4 27. Bh3 Qxf4+ 28. Qxf4 Rxf4 29. Rf1 Rxf1 30. Rxf1 Rxa4 31. Bxe6+ Bxe6 32. Nxe6 1-0

[Event "GER-chT U20"]
[Site "Willingen"]
[Date "2021.06.26"]
[Round "6"]
[White "Mohammadi Nia, Borna"]
[Black "Klugstedt, Vincent C"]
[Result "1/2-1/2"]
[WhiteElo "2079"]
[BlackElo "1928"]
[PlyCount "111"]
[EventDate "2021.06.24"]
[EventType "team-swiss"]
[EventRounds "7"]
[EventCountry "GER"]
[SourceTitle "CBM 203 Extra"]
[Source "ChessBase"]
[SourceDate "2021.09.30"]
[SourceVersion "1"]
[SourceVersionDate "2021.09.30"]
[SourceQuality "1"]
[WhiteTeam "Porz SG"]
[BlackTeam "Bochum"]
[WhiteTeamCountry "GER"]
[BlackTeamCountry "GER"]

1. e4 c5 2. Nf3 Nc6 3. Bb5 g6 4. Bxc6 bxc6 5. 0-0 Bg7 6. Re1 Nf6 7. c3 0-0 8. d4 cxd4 9. cxd4 d5 10. e5 Ne4 11. Nc3 Nxc3 12. bxc3 Bg4 13. h3 Bxf3 14. Qxf3 Rb8 15. Ba3 Qd7 16. Qe2 Rfe8 17. e6 fxe6 18. Qxe6+ Qxe6 19. Rxe6 Rb6 20. Bc5 Ra6 21. Rxe7 Rxe7 22. Bxe7 Bf8 23. Bg5 Ra3 24. Bd2 Kf7 25. Kf1 Ke6 26. Ke2 c5 27. dxc5 Bxc5 28. Kd3 Bxf2 29. Bc1 Ra6 30. a4 Rc6 31. Ra2 Bh4 32. Re2+ Kd7 33. Rb2 Bf6 34. Bd2 Rc4 35. Rb7+ Rc7 36. Rb5 Ke6 37. a5 h5 38. g4 hxg4 39. hxg4 Be5 40. Be1 Kd6 41. Bd2 Ke6 42. Be1 Kd6 43. Rb8 Ke7 44. Ra8 Bf6 45. a6 Be5 46. Bf2 Rxc3+ 47. Kd2 d4 48. Rxa7+ Kd6 49. Ra8 Ra3 50. a7 Kc7 51. Re8 Bf4+ 52. Kd1 Rxa7 53. Re7+ Kb8 54. Re8+ Kc7 55. Bxd4 Ra2 56. Bc3 1/2-1/2

[Event "GER-chT U20"]
[Site "Willingen"]
[Date "2021.06.25"]
[Round "3"]
[White "Seref, Erdogan"]
[Black "Klugstedt, Vincent C"]
[Result "1/2-1/2"]
[WhiteElo "1985"]
[BlackElo "1928"]
[PlyCount "114"]
[EventDate "2021.06.24"]
[EventType "team-swiss"]
[EventRounds "7"]
[EventCountry "GER"]
[SourceTitle "CBM 203 Extra"]
[Source "ChessBase"]
[SourceDate "2021.09.30"]
[SourceVersion "1"]
[SourceVersionDate "2021.09.30"]
[SourceQuality "1"]
[WhiteTeam "Brackel"]
[BlackTeam "Bochum"]
[WhiteTeamCountry "GER"]
[BlackTeamCountry "GER"]

1. Nf3 Nf6 2. c4 c5 3. e3 g6 4. Nc3 Bg7 5. d4 cxd4 6. exd4 0-0 7. Bd3 d5 8. c5 Nc6 9. h3 Re8 10. Bf4 Nh5 11. Be5 f6 12. Bh2 e5 13. dxe5 fxe5 14. Bb5 e4 15. Bxc6 bxc6 16. Nd4 Qf6 17. Nce2 Ba6 18. g4 Bxe2 19. Nxe2 Qf3 20. 0-0 Nf6 21. Nf4 Qxd1 22. Raxd1 Nd7 23. b4 Ne5 24. Bg3 Rab8 25. a3 a5 26. Ne2 axb4 27. Nd4 bxa3 28. Bxe5 Bxe5 29. Nxc6 Rbc8 30. Nxe5 Rxe5 31. f4 Re7 32. Rxd5 e3 33. c6 e2 34. Re1 Rxc6 35. Ra5 Rc3 36. Kf2 Rxh3 37. f5 gxf5 38. gxf5 Kf7 39. Kg2 Rhe3 40. Ra6 h5 41. Rh6 a2 42. Ra6 h4 43. Rxa2 R7e5 44. Ra7+ Kf6 45. Rh7 Rg3+ 46. Kf2 Rxf5+ 47. Kxe2 Re5+ 48. Kf2 Rf5+ 49. Ke2 Re5+ 50. Kf2 Rxe1 51. Kxe1 Kg5 52. Kf2 Kg4 53. Rh8 Kh3 54. Rh7 Rg6 55. Rh8 Kg4 56. Kg2 Kf4+ 57. Kh2 Kg4 1/2-1/2

[Event "GER-ch Net blitz qual1"]
[Site "Playchess.com INT"]
[Date "2021.04.24"]
[Round "7"]
[White "Klugstedt, Vincent C"]
[Black "Polaski, Frank"]
[Result "1-0"]
[WhiteElo "1620"]
[BlackElo "1439"]
[PlyCount "79"]
[EventDate "2021.04.24"]
[EventType "swiss (blitz)"]
[EventRounds "11"]
[EventCountry "GER"]
[SourceTitle "CBM 202 Extra"]
[Source "ChessBase"]
[SourceDate "2021.07.31"]
[SourceVersion "1"]
[SourceVersionDate "2021.07.31"]
[SourceQuality "1"]

1. d4 d5 2. c4 e6 3. Nc3 Bb4 4. cxd5 exd5 5. Qa4+ Nc6 6. Nf3 Bxc3+ 7. bxc3 Bd7 8. Bf4 Nf6 9. e3 Ne5 10. Qc2 Nxf3+ 11. gxf3 c6 12. Bd3 Bh3 13. 0-0-0 Bg2 14. Rhg1 Bxf3 15. Rde1 g6 16. Bg5 Qd6 17. Bf4 Qa3+ 18. Kb1 Be4 19. Be5 Qe7 20. Bxe4 dxe4 21. Bxf6 Qxf6 22. Qxe4+ Qe7 23. Qxe7+ Kxe7 24. Kc2 Rae8 25. Kd3 Kd6 26. Rb1 b6 27. e4 Kc7 28. f4 Re7 29. c4 Rhe8 30. Rge1 a6 31. d5 cxd5 32. cxd5 Kb7 33. Rbc1 f5 34. e5 Rd8 35. d6 Red7 36. Kd4 Rc8 37. Rxc8 Kxc8 38. Rc1+ Kb7 39. Kd5 h5 40. e6 1-0

[Event "GER-ch Net blitz qual1"]
[Site "Playchess.com INT"]
[Date "2021.04.24"]
[Round "5"]
[White "Klugstedt, Vincent C"]
[Black "Wiedmann, Thomas"]
[Result "1/2-1/2"]
[WhiteElo "1620"]
[BlackElo "1643"]
[PlyCount "120"]
[EventDate "2021.04.24"]
[EventType "swiss (blitz)"]
[EventRounds "11"]
[EventCountry "GER"]
[SourceTitle "CBM 202 Extra"]
[Source "ChessBase"]
[SourceDate "2021.07.31"]
[SourceVersion "1"]
[SourceVersionDate "2021.07.31"]
[SourceQuality "1"]

1. d4 Nf6 2. c4 g6 3. Nc3 Bg7 4. e4 d6 5. f3 0-0 6. Be3 Nbd7 7. Qd2 a6 8. 0-0-0 b6 9. Bd3 Bb7 10. Nge2 e6 11. d5 exd5 12. Nxd5 Ne5 13. Bd4 Nxd3+ 14. Qxd3 Nxd5 15. cxd5 Rc8 16. Bxg7 Kxg7 17. Nd4 c6 18. dxc6 Bxc6 19. Kb1 Bb5 20. Nxb5 axb5 21. Qxd6 Qg5 22. g3 Qc5 23. Qxc5 bxc5 24. Rd5 Rfd8 25. Rhd1 Rxd5 26. Rxd5 Kf6 27. Kc2 Ke6 28. Kd3 f5 29. Ke3 fxe4 30. fxe4 b4 31. Rd2 c4 32. Rc2 c3 33. bxc3 Ke5 34. c4 Rc5 35. Kd3 h5 36. Rb2 Ra5 37. Rxb4 Rxa2 38. Rb5+ Ke6 39. Rb6+ Kf7 40. c5 Ra1 41. c6 Rc1 42. Rb7+ Ke6 43. Rg7 Kf6 44. Rd7 Ke6 45. Rc7 Kd6 46. Rc8 Ke5 47. c7 Kd6 48. e5+ Kd7 49. Rd8+ Kxc7 50. Rd6 Rd1+ 51. Ke4 Rxd6 52. exd6+ Kxd6 53. Kf4 Ke6 54. Kg5 Kf7 55. h3 Kg7 56. Kf4 Kf6 57. g4 hxg4 58. hxg4 g5+ 59. Ke4 Ke6 60. Kd4 Kd6 1/2-1/2

[Event "Kaspersky op U16"]
[Site "Tornelo INT"]
[Date "2021.04.02"]
[Round "2"]
[White "Jaivardhan, Raja Pilla"]
[Black "Klugstedt, Vincent C"]
[Result "0-1"]
[WhiteElo "1591"]
[BlackElo "1928"]
[PlyCount "126"]
[EventDate "2021.04.02"]
[EventType "swiss (blitz)"]
[EventRounds "11"]
[EventCountry "RUS"]
[SourceTitle "CBM 201 Extra"]
[Source "ChessBase"]
[SourceDate "2021.05.31"]
[SourceVersion "1"]
[SourceVersionDate "2021.05.31"]
[SourceQuality "1"]

1. e4 c5 2. Nf3 Nc6 3. c3 Nf6 4. e5 Nd5 5. d4 cxd4 6. cxd4 g6 7. Bc4 Nb6 8. Bb3 d6 9. exd6 Qxd6 10. 0-0 Bg7 11. Be3 0-0 12. Nc3 Bg4 13. Ne4 Qc7 14. Rc1 e6 15. h3 Bxf3 16. Qxf3 Qe7 17. Rfd1 h6 18. Ng3 Rfd8 19. Ne2 Rd7 20. d5 exd5 21. Bxd5 Nxd5 22. Rxd5 Rxd5 23. Qxd5 Rd8 24. Qb3 Kh7 25. Nc3 Nd4 26. Bxd4 Rxd4 27. Qc2 Qd7 28. Rd1 Qc6 29. Rxd4 Bxd4 30. Qa4 Qxa4 31. Nxa4 Kg7 32. Kf1 Kf6 33. Ke2 Ke5 34. f3 b5 35. Nc3 Bxc3 36. bxc3 Kd5 37. Kd3 a5 38. a3 f5 39. g4 fxg4 40. fxg4 h5 41. gxh5 gxh5 42. h4 a4 43. Ke3 Kc4 44. Kf4 Kxc3 45. Kg5 b4 46. axb4 Kxb4 47. Kxh5 a3 48. Kg6 a2 49. h5 a1Q 50. h6 Qh8 51. h7 Kc5 52. Kh6 Kd6 53. Kg6 Ke6 54. Kh6 Kf6 55. Kh5 Qxh7+ 56. Kg4 Qf5+ 57. Kg3 Qe4 58. Kh3 Kg5 59. Kh2 Qe3 60. Kh1 Qd2 61. Kg1 Kf4 62. Kf1 Kf3 63. Kg1 Qg2# 0-1

[Event "Kaspersky op U16"]
[Site "Tornelo INT"]
[Date "2021.04.02"]
[Round "6"]
[White "Rodionov, Vadim"]
[Black "Klugstedt, Vincent C"]
[Result "0-1"]
[WhiteElo "1254"]
[BlackElo "1928"]
[PlyCount "56"]
[EventDate "2021.04.02"]
[EventType "swiss (blitz)"]
[EventRounds "11"]
[EventCountry "RUS"]
[SourceTitle "CBM 201 Extra"]
[Source "ChessBase"]
[SourceDate "2021.05.31"]
[SourceVersion "1"]
[SourceVersionDate "2021.05.31"]
[SourceQuality "1"]

1. d4 Nf6 2. c4 e6 3. Nc3 Bb4 4. e3 0-0 5. Nf3 b6 6. Bd3 Bb7 7. 0-0 d5 8. cxd5 exd5 9. Bd2 Bxc3 10. Bxc3 c5 11. dxc5 bxc5 12. Qc2 Nc6 13. Bxf6 Qxf6 14. Bxh7+ Kh8 15. Bd3 Nb4 16. Qd2 Nxd3 17. Qxd3 Rfd8 18. Qc2 d4 19. Qxc5 Bxf3 20. gxf3 Qxf3 21. Qg5 Rd6 22. Qh4+ Rh6 23. Qg3 Rg6 24. Qxg6 fxg6 25. exd4 Rd8 26. Rfd1 Rd5 27. Rac1 Qh3 28. Rc8+ Qxc8 0-1

[Event "GER-chT Christmas U16 Lasker"]
[Site "Playchess.com INT"]
[Date "2020.12.28"]
[Round "6.2"]
[White "Klugstedt, Vincent C"]
[Black "Ohler, Julius"]
[Result "0-1"]
[WhiteElo "1928"]
[BlackElo "2010"]
[PlyCount "62"]
[EventDate "2020.12.28"]
[EventType "team-swiss (blitz)"]
[EventRounds "7"]
[EventCountry "GER"]
[SourceTitle "CBM 200 Extra"]
[Source "ChessBase"]
[SourceDate "2021.03.31"]
[SourceVersion "1"]
[SourceVersionDate "2021.03.31"]
[SourceQuality "1"]
[WhiteTeam "Bochum SG"]
[BlackTeam "Kastellaun"]
[WhiteTeamCountry "GER"]
[BlackTeamCountry "GER"]

1. d4 Nf6 2. c4 e6 3. Nc3 Bb4 4. Qc2 d5 5. cxd5 exd5 6. Bg5 0-0 7. Nf3 c6 8. e3 h6 9. Bh4 Bg4 10. Ne5 Be6 11. Bd3 Nbd7 12. Nxd7 Qxd7 13. 0-0 Bd6 14. Bxf6 gxf6 15. f4 f5 16. Ne2 Kh8 17. Ng3 Rg8 18. Nxf5 Bxf5 19. Bxf5 Qe7 20. Qd3 Rg7 21. Rf3 Rag8 22. g3 c5 23. dxc5 Bxc5 24. Qxd5 Bxe3+ 25. Kg2 Rd8 26. Qb3 Rd2+ 27. Kh3 Bb6 28. Qc3 Qe2 29. Kh4 Qxh2+ 30. Bh3 Bd8+ 31. Kh5 Qxh3# 0-1

[Event "DSOL 03 Liga Gr-D 1st"]
[Site "Playchess.com INT"]
[Date "2020.08.11"]
[Round "2.2"]
[White "Bohl, Rolf"]
[Black "Klugstedt, Vincent C"]
[Result "1/2-1/2"]
[WhiteElo "1939"]
[BlackElo "1859"]
[PlyCount "51"]
[EventDate "2020.06.22"]
[EventType "team-tourn (rapid)"]
[EventCountry "GER"]
[SourceTitle "EXT 2021"]
[Source "ChessBase"]
[SourceDate "2020.10.23"]
[SourceVersion "1"]
[SourceVersionDate "2020.10.23"]
[SourceQuality "1"]
[WhiteTeam "Eutin"]
[BlackTeam "Borken"]
[WhiteTeamCountry "GER"]
[BlackTeamCountry "GER"]

1. d4 Nf6 2. c4 e6 3. Nf3 b6 4. g3 Bb7 5. Bg2 Bb4+ 6. Bd2 a5 7. 0-0 0-0 8. a3 Bxd2 9. Qxd2 Ne4 10. Qc2 f5 11. Nc3 Qf6 12. Ne5 d6 13. Nxe4 Qe7 14. Nxd6 cxd6 15. Bxb7 Qxb7 16. Nf3 Nd7 17. Rad1 Rac8 18. Qd3 Nf6 19. b3 Ne4 20. d5 exd5 21. Qxd5+ Qxd5 22. Rxd5 a4 23. bxa4 Rxc4 24. Rb5 Rxa4 25. Rxb6 Rxa3 26. Nd4 1/2-1/2

[Event "DSOL 03 Liga Gr-D 1st"]
[Site "Playchess.com INT"]
[Date "2020.07.30"]
[Round "6.2"]
[White "Klugstedt, Vincent C"]
[Black "Haus, Volker"]
[Result "1-0"]
[WhiteElo "1859"]
[BlackElo "1923"]
[PlyCount "75"]
[EventDate "2020.06.22"]
[EventType "team-tourn (rapid)"]
[EventCountry "GER"]
[SourceTitle "EXT 2021"]
[Source "ChessBase"]
[SourceDate "2020.10.23"]
[SourceVersion "1"]
[SourceVersionDate "2020.10.23"]
[SourceQuality "1"]
[WhiteTeam "Borken"]
[BlackTeam "Vellmar"]
[WhiteTeamCountry "GER"]
[BlackTeamCountry "GER"]

1. d4 d5 2. c4 e6 3. Nc3 Nf6 4. cxd5 exd5 5. Bg5 Be7 6. Nf3 h6 7. Bh4 0-0 8. e3 Nbd7 9. Bd3 Re8 10. 0-0 c6 11. a4 Nf8 12. Ne5 N6d7 13. Bxe7 Qxe7 14. Nxd7 Bxd7 15. a5 Qg5 16. Qf3 Qg4 17. Qxg4 Bxg4 18. Na4 Bc8 19. b4 Rb8 20. Rfb1 Ne6 21. b5 Bd7 22. bxc6 bxc6 23. a6 Kf8 24. Nc5 Nxc5 25. dxc5 Ra8 26. Rb7 Red8 27. Rab1 Ke8 28. f3 Rdc8 29. Kf2 Kd8 30. e4 Rc7 31. Rxc7 Kxc7 32. Rb7+ Kd8 33. exd5 cxd5 34. Ke3 g5 35. Kd4 Be6 36. c6 Rc8 37. Kc5 Ra8 38. Kd6 1-0

[Event "DSOL 03 Liga Gr-D 1st"]
[Site "Playchess.com INT"]
[Date "2020.06.25"]
[Round "1.2"]
[White "Klugstedt, Vincent C"]
[Black "Becker, Volker"]
[Result "1-0"]
[WhiteElo "1859"]
[BlackElo "1897"]
[PlyCount "51"]
[EventDate "2020.06.22"]
[EventType "team-tourn (rapid)"]
[EventCountry "GER"]
[SourceTitle "EXT 2021"]
[Source "ChessBase"]
[SourceDate "2020.10.23"]
[SourceVersion "1"]
[SourceVersionDate "2020.10.23"]
[SourceQuality "1"]
[WhiteTeam "Borken"]
[BlackTeam "Gusenburg Gambit"]
[WhiteTeamCountry "GER"]
[BlackTeamCountry "GER"]

1. d4 Nf6 2. c4 g6 3. Nc3 Bg7 4. e4 d6 5. f3 0-0 6. Be3 c6 7. Nge2 Nbd7 8. Qd2 a6 9. g4 b5 10. g5 Ne8 11. h4 e5 12. d5 Nb6 13. Bxb6 Qxb6 14. dxc6 bxc4 15. Nd5 Qc5 16. Nec3 f5 17. Na4 Qb5 18. Nab6 Rb8 19. Bxc4 Qc5 20. b4 Qd4 21. Qxd4 exd4 22. Nxc8 fxe4 23. Nce7+ Kh8 24. fxe4 Rf7 25. h5 Be5 26. hxg6 1-0

[Event "GER Cup Net V3 U2000"]
[Site "Playchess.com INT"]
[Date "2020.05.27"]
[Round "1"]
[White "Friedrich, Karl"]
[Black "Klugstedt, Vincent C"]
[Result "1-0"]
[WhiteElo "1747"]
[BlackElo "1578"]
[PlyCount "83"]
[EventDate "2020.05.27"]
[EventType "swiss (blitz)"]
[EventRounds "9"]
[EventCountry "GER"]
[SourceTitle "EXT 2021"]
[Source "ChessBase"]
[SourceDate "2020.10.23"]
[SourceVersion "1"]
[SourceVersionDate "2020.10.23"]
[SourceQuality "1"]

1. Nf3 d5 2. d4 c5 3. dxc5 Nc6 4. g3 e5 5. Bg2 Bxc5 6. 0-0 Be6 7. b3 Nf6 8. Bb2 d4 9. c3 dxc3 10. Nxc3 0-0 11. Ng5 Bf5 12. Nge4 Bxe4 13. Nxe4 Bd4 14. Qc2 Rc8 15. Bxd4 Nxd4 16. Qd3 b6 17. Rfd1 Nxe4 18. Bxe4 f5 19. Bg2 Qe7 20. e3 Ne6 21. Rac1 Nc5 22. Qc4+ Kh8 23. b4 Nd7 24. Qxc8 Rxc8 25. Rxc8+ Nf8 26. Rdd8 h6 27. Rxf8+ Kh7 28. Rfe8 Qxb4 29. Bh3 Qb1+ 30. Kg2 Qe4+ 31. Kg1 Qb1+ 32. Bf1 Qb2 33. Rc7 Qxa2 34. Rxe5 a5 35. Rxf5 Qb1 36. Rff7 Kg6 37. Rxg7+ Kh5 38. Rgd7 a4 39. Ra7 b5 40. Rdb7 b4 41. Rb5+ Kg6 42. Ra6+ 1-0

[Event "GER Cup Net V2 U2000"]
[Site "Playchess.com INT"]
[Date "2020.05.22"]
[Round "6"]
[White "Morczynski, Joachim"]
[Black "Klugstedt, Vincent C"]
[Result "1-0"]
[WhiteElo "1571"]
[BlackElo "1679"]
[PlyCount "39"]
[EventDate "2020.05.22"]
[EventType "swiss (blitz)"]
[EventRounds "9"]
[EventCountry "GER"]
[SourceTitle "EXT 2021"]
[Source "ChessBase"]
[SourceDate "2020.10.23"]
[SourceVersion "1"]
[SourceVersionDate "2020.10.23"]
[SourceQuality "1"]

1. e4 c5 2. Nf3 Nc6 3. Bb5 g6 4. c3 Nf6 5. e5 Nd5 6. 0-0 Bg7 7. d4 cxd4 8. cxd4 0-0 9. Nc3 Nc7 10. Ba4 d6 11. Re1 Bg4 12. h3 Bxf3 13. Qxf3 Nxd4 14. Qxb7 Rb8 15. Qxa7 Bxe5 16. Bh6 Rxb2 17. Bxf8 Kxf8 18. Rab1 Rd2 19. Rb8 Ne2+ 20. Nxe2 1-0